Grundkurs Deutsch : Příručka pro "Kurs němčiny pro samouky".
Uložené v:
| Médium: | Kniha |
|---|---|
| Jazyk: | German Czech |
| Vydané: |
Ismaning :
Verlag für Deutsch,
1991.
|
| Vydanie: | 1. Auflage |
| Fyzický popis: |
80 S. 2 Audiocassetten T 06/856-857 |
| Tagy: |
Pridať tag
Žiadne tagy, Buďte prvý kto otaguje tento záznam!
|
Titul je dostupný aj v ... 

MARC
| LEADER | 00000nam a2200000 a 4500 | ||
|---|---|---|---|
| 001 | 000480607 | ||
| 003 | SVKK | ||
| 005 | 20070207135810.0 | ||
| 008 | 060323s1991 gw e ger d | ||
| 040 | |a SVK |b ger |c SVK |e AACR2 | ||
| 041 | 0 | |a ger |a cze | |
| 044 | |a gw |c DE | ||
| 080 | |a 438.2 |2 GI | ||
| 245 | 0 | 0 | |a Grundkurs Deutsch : |b Příručka pro "Kurs němčiny pro samouky". |
| 250 | |a 1. Auflage | ||
| 260 | |a Ismaning : |b Verlag für Deutsch, |c 1991. | ||
| 300 | |a 80 S. |e 2 Audiocassetten T 06/856-857 | ||
| 910 | |a svkkk | ||
| 998 | |a KN | ||
| 090 | |g SCKGI |k Študovňa GI |a PV 438.2 GRU |j 6877 |i G2720006574 |s Vyradená | ||